名前に季節の漢字が含まれる現役選手(2026) - Statistics

General Stats
  • This quiz has been taken 27 times
  • The average score is 7 of 9
Answer Stats
季節 現所属 ポジション 選手名 % Correct
広島 外野手 秋山翔吾
100%
西武 外野手 秋山俊
100%
ロッテ 投手 秋山正雲
100%
西武 内野手 滝澤夏央
88%
ソフトバンク 内野手 秋広優人
69%
西武 投手 武内夏暉
54%
西武 投手 青山美夏人
54%
ソフトバンク 投手 川口冬弥
50%
日本ハム 投手 宮内春輝
35%
No matching quizzes found
Score Distribution
Percent of People with Each Score
Percentile by Number Answered
Your Score History
You have not taken this quiz